[Event "34th European Club Cup 2018"]
[Site "Halkidiki"]
[Date "2018.10.18"]
[Round "7"]
[White "Papadimitriou, Athanasios"]
[Black "Grigorian, Spartak"]
[Result "1/2-1/2"]
[WhiteElo "2265"]
[BlackElo "2347"]
[Annotator "TA"]
[PlyCount "139"]
[EventDate "2018.10.12"]
[EventType "team-tourn"]
[EventCountry "GRE"]
[SourceTitle "playchess.com"]
[Source "ChessBase"]
[SourceQuality "1"]
[WhiteTeam "Thessalonikis"]
[BlackTeam "Bremen"]

1. Nf3 Nf6 2. g3 d5 3. Bg2 b5 4. d4 Bb7 5. O-O e6 6. c3 c5 7. Ne5 Nbd7 8. a4 b4 9. Nxd7 Qxd7 10. Bg5 Ne4 11. Bxe4 dxe4 12. dxc5 Qxd1 13. Rxd1 Bxc5 14. cxb4 Bxb4 15. Nc3 f6 16. Be3 Ke7 17. Nxe4 Rhc8 18. Rd4 a5 19. Rad1 Bd5 20. Bd2 Rab8 21. Bxb4+ Rxb4 22. Nc3 Bc6 23. Rxb4 axb4 24. Nb5 Bxb5 25. axb5 Rb8 26. Ra1 Kd6 27. Ra7 Rg8 28. b3 Kc5 29. Rb7 Ra8 30. b6 Ra3 31. Re7 Kxb6 32. Rxe6+ Kc5 33. Re3 Ra2 34. Kg2 Rc2 35. Kf3 Kd4 36. Rd3+ Ke5 37. Ke3 g5 38. f4+ Kf5 39. h3 h5 40. Rd5+ Ke6 41. Rd4 Rc3+ 42. Rd3 Rc2 43. Kf3 gxf4 44. gxf4 h4 45. e4 f5 46. exf5+ Kxf5 47. Rd5+ Kf6 48. Kg4 Rc3 49. Rd6+ Ke7 50. Rb6 Rxb3 51. Kxh4 Rb1 52. Kg5 b3 53. Kf5 b2 54. h4 Ke8 55. h5 Ke7 56. Rb7+ Ke8 57. h6 Rh1 58. Rxb2 Rxh6 59. Kg5 Ra6 60. f5 Kf7 61. Rb7+ Kf8 62. Rh7 Kg8 63. Rc7 Kf8 64. Rd7 Rb6 65. Kf4 Rb4+ 66. Ke5 Rb5+ 67. Kf6 Rb6+ 68. Kg5 Ra6 69. f6 Ra1 70. Rd8+ 1/2-1/2

[Event "34th European Club Cup 2018"]
[Site "Halkidiki"]
[Date "2018.10.18"]
[Round "7"]
[White "Duncan, Chris R"]
[Black "Gayson, Peter M"]
[Result "1-0"]
[WhiteElo "2236"]
[BlackElo "2150"]
[Annotator "TA"]
[PlyCount "79"]
[EventDate "2018.10.12"]
[EventType "team-tourn"]
[EventCountry "GRE"]
[SourceTitle "playchess.com"]
[Source "ChessBase"]
[SourceQuality "1"]
[WhiteTeam "Blackthorne"]
[BlackTeam "White Rose"]

1. Nf3 f5 2. d3 d5 3. c4 dxc4 4. Qa4+ Nc6 5. Qxc4 Nf6 6. g3 e5 7. Bg2 Bb4+ 8. Bd2 Qe7 9. O-O Bxd2 10. Nbxd2 Bd7 11. Rfc1 Qf7 12. b4 a6 13. a4 Qxc4 14. Nxc4 e4 15. dxe4 fxe4 16. Ng5 Bf5 17. Ne3 Bg6 18. Ne6 Ke7 19. Nxc7 Rad8 20. Nxa6 Nd4 21. Rc7+ Rd7 22. Bh3 Rxc7 23. Nxc7 Nxe2+ 24. Kf1 Nd4 25. b5 Rd8 26. a5 Be8 27. Nxe8 Kxe8 28. b6 Nb3 29. Ra2 Nd2+ 30. Kg2 Nf3 31. a6 bxa6 32. b7 Nd7 33. Rxa6 Nc5 34. Rb6 Rb8 35. Nc4 Kd8 36. Na5 Ne5 37. Rb5 Ncd3 38. Bf5 Kc7 39. Bxe4 g6 40. f4 1-0

[Event "34th European Club Cup 2018"]
[Site "Halkidiki"]
[Date "2018.10.18"]
[Round "7"]
[White "Marzano, Carlo"]
[Black "McHugh, Kevin"]
[Result "1-0"]
[WhiteElo "2233"]
[BlackElo "2084"]
[Annotator "TA"]
[PlyCount "43"]
[EventDate "2018.10.12"]
[EventType "team-tourn"]
[EventCountry "GRE"]
[SourceTitle "playchess.com"]
[Source "ChessBase"]
[SourceQuality "1"]
[WhiteTeam "Lazio ASD"]
[BlackTeam "St Benildus"]

1. d4 Nf6 2. c4 g6 3. Nc3 d5 4. e3 Bg7 5. Qb3 e6 6. Qa3 Nc6 7. Nf3 Ne7 8. Bd2 c6 9. Bd3 a5 10. c5 b5 11. cxb6 Qxb6 12. Na4 Qa7 13. Nc5 Nd7 14. Rc1 Bf8 15. Qa4 Nb6 16. Qc2 a4 17. Ne5 f6 18. Nxc6 Nxc6 19. Bb5 Qc7 20. Nxe6 Bxe6 21. Qxc6+ Qxc6 22. Rxc6 1-0

[Event "34th European Club Cup 2018"]
[Site "Halkidiki"]
[Date "2018.10.18"]
[Round "7"]
[White "Ostergaard, Jens"]
[Black "Mathioulakis, Fanis"]
[Result "0-1"]
[WhiteElo "2225"]
[BlackElo "1856"]
[Annotator "TA"]
[PlyCount "144"]
[EventDate "2018.10.12"]
[EventType "team-tourn"]
[EventCountry "GRE"]
[SourceTitle "playchess.com"]
[Source "ChessBase"]
[SourceQuality "1"]
[WhiteTeam "Hillerod"]
[BlackTeam "Chania CC"]

1. d4 Nf6 2. Nf3 e6 3. c4 a6 4. Nc3 c5 5. e3 d5 6. cxd5 exd5 7. Be2 Nc6 8. O-O Bd6 9. b3 O-O 10. Bb2 Re8 11. dxc5 Bxc5 12. Rc1 Ba7 13. Na4 Ne4 14. Nd4 Qg5 15. Nxc6 bxc6 16. Bd4 Bh3 17. Bf3 Bxd4 18. Qxd4 Re6 19. Kh1 Rg6 20. g3 Bxf1 21. Bxe4 dxe4 22. Rxf1 Qf5 23. Rd1 h5 24. Kg1 h4 25. Nc3 Re8 26. Qd7 Rge6 27. Ne2 Qf3 28. Nf4 hxg3 29. hxg3 R6e7 30. Qd2 Qg4 31. Rc1 Rd7 32. Qc2 Rd6 33. Qe2 Qxe2 34. Nxe2 Rc8 35. Rc4 f5 36. Nd4 g6 37. b4 Kf7 38. Nb3 Ke7 39. f3 exf3 40. Kf2 Kf6 41. Kxf3 Rd5 42. Nc5 Rd2 43. a4 g5 44. e4 Rcd8 45. exf5 Kxf5 46. g4+ Ke5 47. Re4+ Kd5 48. Re7 Kc4 49. Rg7 Kxb4 50. Nxa6+ Ka5 51. Nc5 Kb6 52. Ne6 R8d3+ 53. Ke4 Ra3 54. Rxg5 Re2+ 55. Kf5 Rf3+ 56. Nf4 Ref2 57. a5+ Ka6 58. Rg6 Rxf4+ 59. Ke5 Rc4 60. g5 Kxa5 61. Rg8 Rg4 62. Kd6 Rf5 63. Kxc6 Rgxg5 64. Rh8 Rf6+ 65. Kd7 Rg7+ 66. Ke8 Rff7 67. Rh5+ Kb6 68. Rh6+ Kc5 69. Rh1 Ra7 70. Rc1+ Kd4 71. Kf8 Rgd7 72. Ke8 Rh7 0-1

[Event "34th European Club Cup 2018"]
[Site "Halkidiki"]
[Date "2018.10.18"]
[Round "7"]
[White "Cumming, Rhys"]
[Black "Thorarinsson, Pall A."]
[Result "0-1"]
[WhiteElo "2224"]
[BlackElo "2270"]
[Annotator "TA"]
[PlyCount "70"]
[EventDate "2018.10.12"]
[EventType "team-tourn"]
[EventCountry "GRE"]
[SourceTitle "playchess.com"]
[Source "ChessBase"]
[SourceQuality "1"]
[WhiteTeam "Oldham"]
[BlackTeam "Viking CC"]

1. e4 e6 2. d4 d5 3. Nd2 Nc6 4. Ngf3 Nf6 5. e5 Nd7 6. Nb3 a5 7. a4 b6 8. Bb5 Na7 9. Bd3 Be7 10. O-O c5 11. c4 Ba6 12. cxd5 c4 13. dxe6 cxd3 14. exf7+ Kxf7 15. Re1 Nf8 16. Ng5+ Bxg5 17. Bxg5 Qd5 18. e6+ Nxe6 19. Re5 Qb7 20. Qg4 Nxg5 21. Rae1 Rhf8 22. Qxg5 Nc6 23. Re6 Kg8 24. d5 Qf7 25. f4 Nb4 26. Re7 Qg6 27. Qe5 Bc4 28. f5 Rxf5 29. Rxg7+ Qxg7 30. Qxf5 Bxd5 31. Qf2 Rf8 32. Qd2 Bxb3 33. Re3 Bf7 34. Rg3 Bg6 35. h4 Qd4+ 0-1

[Event "34th European Club Cup 2018"]
[Site "Halkidiki"]
[Date "2018.10.18"]
[Round "7"]
[White "Gorodetzky, Matan"]
[Black "Storme, Isak"]
[Result "0-1"]
[WhiteElo "2221"]
[BlackElo "2276"]
[Annotator "TA"]
[PlyCount "140"]
[EventDate "2018.10.12"]
[EventType "team-tourn"]
[EventCountry "GRE"]
[SourceTitle "playchess.com"]
[Source "ChessBase"]
[SourceQuality "1"]
[WhiteTeam "Rehovot"]
[BlackTeam "SK Oslo"]

1. e4 e5 2. Nf3 Nc6 3. Bc4 Bc5 4. O-O Nf6 5. d3 O-O 6. a4 d6 7. c3 a5 8. Bg5 h6 9. Bh4 g5 10. Bg3 g4 11. Nh4 Nh5 12. Qc1 Qg5 13. Na3 Kg7 14. Nc2 Nf4 15. Kh1 Ne2 16. Qe1 Nxg3+ 17. fxg3 f5 18. Rd1 Bd7 19. d4 Bb6 20. exf5 exd4 21. cxd4 Rae8 22. Qc3 Bxf5 23. Ne3 Bh7 24. Rxf8 Rxf8 25. Be6 h5 26. Bd7 Nxd4 27. Rxd4 Qe5 28. Nhf5+ Bxf5 29. Nxf5+ Rxf5 30. Rxg4+ hxg4 31. Bxf5 Bd4 32. Qd2 Be3 33. Qc2 Bd4 34. Qd2 Qxf5 35. Qxd4+ Kh7 36. h4 gxh3 37. Qh4+ Kg6 38. gxh3 Qb1+ 39. Kg2 Qxb2+ 40. Kh1 Qc1+ 41. Kh2 Qd2+ 42. Kh1 Qe1+ 43. Kh2 Qe2+ 44. Kh1 Qf3+ 45. Kh2 c5 46. Qd8 Qe2+ 47. Kh1 Qe5 48. g4 Qg3 49. Qg8+ Kf6 50. Qf8+ Ke5 51. Qg7+ Kf4 52. Qf7+ Ke5 53. Qg7+ Ke6 54. Qg8+ Kd7 55. g5 Qxh3+ 56. Kg1 Qg4+ 57. Kh2 Qh5+ 58. Kg3 Ke7 59. Qd5 Qg6 60. Qxb7+ Ke6 61. Kh4 c4 62. Qc8+ Kd5 63. Qa8+ Kd4 64. Qxa5 c3 65. Qb4+ Kd3 66. Qb5+ Kd2 67. Qd5+ Ke3 68. Qb3 Kf4 69. Qc4+ Qe4 70. Qxc3 Qh7# 0-1

[Event "34th European Club Cup 2018"]
[Site "Halkidiki"]
[Date "2018.10.18"]
[Round "7"]
[White "Hill, Alistair"]
[Black "Dinev, Dejan"]
[Result "0-1"]
[WhiteElo "2203"]
[BlackElo "2284"]
[Annotator "TA"]
[PlyCount "90"]
[EventDate "2018.10.12"]
[EventType "team-tourn"]
[EventCountry "GRE"]
[SourceTitle "playchess.com"]
[Source "ChessBase"]
[SourceQuality "1"]
[WhiteTeam "Wood Green"]
[BlackTeam "Asseco SEE"]

1. e4 d5 2. exd5 Qxd5 3. Nc3 Qd6 4. d4 Nf6 5. Nf3 c6 6. Ne5 e6 7. Bf4 Qd8 8. Be2 Be7 9. Qd2 Nbd7 10. O-O-O Bb4 11. Qd3 Qa5 12. Nc4 Qd8 13. Bd6 Bxc3 14. Qxc3 Nb6 15. Ba3 Nxc4 16. Bxc4 a5 17. d5 exd5 18. Rhe1+ Be6 19. Bd3 Qc7 20. Qd4 O-O-O 21. Qa7 b6 22. Qa6+ Qb7 23. Qxb7+ Kxb7 24. Be7 Rde8 25. Bxf6 gxf6 26. Re3 d4 27. Rg3 h5 28. Re1 Bd5 29. Kd2 Rxe1 30. Kxe1 b5 31. a3 Kb6 32. Rg7 c5 33. g3 h4 34. Rh7 Re8+ 35. Kd2 c4 36. Bf1 hxg3 37. hxg3 b4 38. axb4 axb4 39. Rh6 c3+ 40. bxc3 bxc3+ 41. Kd3 Kc5 42. Rh5 Re5 43. Rxe5 fxe5 44. Bh3 Bc4+ 45. Ke4 d3 0-1

[Event "34th European Club Cup 2018"]
[Site "Halkidiki"]
[Date "2018.10.18"]
[Round "7"]
[White "Filipovic, Slobodan J"]
[Black "Gaehwiler, Gabriel"]
[Result "0-1"]
[WhiteElo "2202"]
[BlackElo "2439"]
[Annotator "TA"]
[PlyCount "82"]
[EventDate "2018.10.12"]
[EventType "team-tourn"]
[EventCountry "GRE"]
[SourceTitle "playchess.com"]
[Source "ChessBase"]
[SourceQuality "1"]
[WhiteTeam "Bonnevoie"]
[BlackTeam "Winterthur"]

1. Nf3 Nf6 2. c4 g6 3. b3 Bg7 4. Bb2 b6 5. g3 Bb7 6. Bg2 O-O 7. O-O c5 8. d4 cxd4 9. Qxd4 d5 10. cxd5 Qxd5 11. Qh4 Qe4 12. Qxe4 Nxe4 13. Bxg7 Kxg7 14. Ng5 Nd6 15. Bxb7 Nxb7 16. Rc1 Rd8 17. Na3 Nd6 18. Nf3 Na6 19. Nc4 Nc5 20. Rc2 Nxc4 21. Rxc4 Rd5 22. Rac1 Rad8 23. h4 e5 24. b4 Ne6 25. e4 Rd1+ 26. Kg2 Rxc1 27. Rxc1 f6 28. Rc3 Rd7 29. Ne1 Kf7 30. Nd3 Nd4 31. Nc1 Nb5 32. Rc8 Nd6 33. Rh8 Kg7 34. Ra8 Nxe4 35. Ne2 Rc7 36. Rd8 Rc2 37. Rd7+ Kg8 38. Kf1 Rxa2 39. f3 Nd2+ 40. Kf2 f5 41. Nc3 Ne4+ 0-1

[Event "34th European Club Cup 2018"]
[Site "Halkidiki"]
[Date "2018.10.18"]
[Round "7"]
[White "In t Veld, Daan"]
[Black "Bagi, Mate"]
[Result "0-1"]
[WhiteElo "2194"]
[BlackElo "2432"]
[Annotator "TA"]
[PlyCount "80"]
[EventDate "2018.10.12"]
[EventType "team-tourn"]
[EventCountry "GRE"]
[SourceTitle "playchess.com"]
[Source "ChessBase"]
[SourceQuality "1"]
[WhiteTeam "Deloitte"]
[BlackTeam "Dunajska Streda"]

1. e4 e5 2. Nf3 Nc6 3. Bb5 a6 4. Ba4 Nf6 5. O-O Be7 6. Re1 b5 7. Bb3 O-O 8. d3 d6 9. c3 Na5 10. Bc2 c5 11. Nbd2 Nc6 12. Nf1 h6 13. h3 Qc7 14. Ng3 Re8 15. Nh4 Bf8 16. Qf3 Qd8 17. a4 b4 18. Nhf5 Be6 19. Bd2 Kh7 20. Red1 g6 21. Ne3 b3 22. Bb1 Bg7 23. Nd5 Bd7 24. Ne2 Nxd5 25. exd5 Ne7 26. d4 exd4 27. cxd4 Nf5 28. Bc3 Nh4 29. Qd3 Qg5 30. Ng3 Qxd5 31. f3 cxd4 32. Bxd4 Bxd4+ 33. Kh2 Nf5 34. Nxf5 Qe5+ 35. f4 Qxf4+ 36. Qg3 Qxg3+ 37. Nxg3 Bxb2 38. Rxd6 Be6 39. Bxg6+ Kxg6 40. Rb1 Be5 0-1

[Event "34th European Club Cup 2018"]
[Site "Halkidiki"]
[Date "2018.10.18"]
[Round "7"]
[White "Kosmo, Santul"]
[Black "Kukk, Sander"]
[Result "1/2-1/2"]
[WhiteElo "2186"]
[BlackElo "2235"]
[Annotator "TA"]
[PlyCount "90"]
[EventDate "2018.10.12"]
[EventType "team-tourn"]
[EventCountry "GRE"]
[SourceTitle "playchess.com"]
[Source "ChessBase"]
[SourceQuality "1"]
[WhiteTeam "Comeon"]
[BlackTeam "Reval"]

1. e4 g6 2. d4 Bg7 3. Nc3 c6 4. Be3 d5 5. Qd2 dxe4 6. O-O-O Nf6 7. Bh6 O-O 8. h4 Qc7 9. Bxg7 Kxg7 10. h5 Nxh5 11. Rxh5 gxh5 12. Nxe4 Bf5 13. Bd3 Bg6 14. Ne2 Nd7 15. Rh1 e5 16. g4 f6 17. gxh5 Bxe4 18. Bxe4 Nb6 19. Ng3 Kh8 20. Nf5 Rg8 21. Qh6 Qf7 22. Nh4 Rg5 23. Ng6+ Kg8 24. dxe5 Qg7 25. Ne7+ Kf7 26. Qxg7+ Rxg7 27. Nf5 Rg5 28. f4 Rxf5 29. Bxf5 fxe5 30. fxe5 h6 31. Rg1 Nc4 32. e6+ Kf6 33. Bh3 Ne5 34. Kd1 Rd8+ 35. Ke2 Rd4 36. Rf1+ Ke7 37. Rg1 Rh4 38. Rg7+ Kf6 39. e7 Re4+ 40. Kf1 Nf7 41. e8=Q Rxe8 42. Rg6+ Ke5 43. Kg2 Kd4 44. Bf5 Ke5 45. Bh3 Kd4 1/2-1/2

[Event "34th European Club Cup 2018"]
[Site "Halkidiki"]
[Date "2018.10.18"]
[Round "7"]
[White "Liodakis, Konstantinos-Spyros"]
[Black "Makolli, Perparim"]
[Result "1-0"]
[WhiteElo "2182"]
[BlackElo "2284"]
[Annotator "TA"]
[PlyCount "37"]
[EventDate "2018.10.12"]
[EventType "team-tourn"]
[EventCountry "GRE"]
[SourceTitle "playchess.com"]
[Source "ChessBase"]
[SourceQuality "1"]
[WhiteTeam "Chania CA"]
[BlackTeam "Drejtesia"]

1. e4 c5 2. Nf3 Nc6 3. d4 cxd4 4. Nxd4 Nf6 5. Nc3 d6 6. Bg5 e6 7. Qd2 Be7 8. O-O-O O-O 9. f4 Nxd4 10. Qxd4 Qa5 11. h4 h6 12. Be2 hxg5 13. hxg5 Nh7 14. Rh5 Nxg5 15. Rdh1 f6 16. fxg5 fxg5 17. Rh8+ Kf7 18. Bh5+ g6 19. Rf1+ 1-0

[Event "34th European Club Cup 2018"]
[Site "Halkidiki"]
[Date "2018.10.18"]
[Round "7"]
[White "Nelson, Jonathan P"]
[Black "McMillan, Charles Stuart"]
[Result "1-0"]
[WhiteElo "2181"]
[BlackElo "2070"]
[Annotator "TA"]
[PlyCount "83"]
[EventDate "2018.10.12"]
[EventType "team-tourn"]
[EventCountry "GRE"]
[SourceTitle "playchess.com"]
[Source "ChessBase"]
[SourceQuality "1"]
[WhiteTeam "Blackthorne"]
[BlackTeam "White Rose"]

1. e4 c5 2. c3 Nf6 3. e5 Nd5 4. d4 cxd4 5. Nf3 Nc6 6. cxd4 d6 7. Bc4 Nb6 8. Bb5 d5 9. h3 Bf5 10. Nc3 e6 11. O-O Be7 12. Be3 Rc8 13. Ne1 h5 14. Bd3 g6 15. Rc1 a6 16. Ne2 Nb4 17. Bxf5 gxf5 18. Rxc8 Qxc8 19. a3 Nc6 20. Nf4 h4 21. Nf3 Nc4 22. Bc1 Qd8 23. Re1 Qd7 24. Re2 N6a5 25. Nd3 Rg8 26. b3 Nb6 27. Nc5 Qc8 28. Rc2 Nc6 29. Qd2 Rg6 30. Qf4 Nd7 31. Nxh4 Rg8 32. Nf3 Nf8 33. Qd2 Ng6 34. Qc3 Nd8 35. b4 b6 36. Na4 Qd7 37. Nxb6 Qb5 38. Nc8 a5 39. bxa5 Qb1 40. Kh2 Nh4 41. Nxh4 Bxh4 42. Nd6+ 1-0

[Event "34th European Club Cup 2018"]
[Site "Halkidiki"]
[Date "2018.10.18"]
[Round "7"]
[White "Vucenovic, Dragomir"]
[Black "Tesic, Dragan"]
[Result "1/2-1/2"]
[WhiteElo "2181"]
[BlackElo "2313"]
[Annotator "TA"]
[PlyCount "143"]
[EventDate "2018.10.12"]
[EventType "team-tourn"]
[EventCountry "GRE"]
[SourceTitle "playchess.com"]
[Source "ChessBase"]
[SourceQuality "1"]
[WhiteTeam "Zurich"]
[BlackTeam "Sloven Ruma"]

1. d4 Nf6 2. Nf3 g6 3. g3 Bg7 4. Bg2 O-O 5. c4 d5 6. cxd5 Nxd5 7. O-O Nb6 8. Nc3 Nc6 9. e3 Re8 10. Qe2 e5 11. Nxe5 Nxe5 12. dxe5 Bxe5 13. a4 a5 14. Rd1 Qe7 15. Bd2 c6 16. b3 Be6 17. Rab1 Qa3 18. Ra1 Qc5 19. Rdc1 Qe7 20. Rab1 Nd7 21. Qd1 Nc5 22. Qc2 Red8 23. Nd5 Bxd5 24. Qxc5 Qe6 25. Bxd5 Rxd5 26. Qc2 Rad8 27. Bc3 Bxc3 28. Qxc3 Qh3 29. Qf6 R8d7 30. Qf3 Rf5 31. Qe2 Rh5 32. f3 Rhd5 33. Rd1 Qe6 34. Rxd5 Qxd5 35. Qf1 Qd2 36. Qe1 Qc2 37. Qc1 Qe2 38. Qf1 Qxe3+ 39. Qf2 Qc3 40. h4 Rd3 41. Rf1 Qxb3 42. Qa7 Qb4 43. Qb8+ Kg7 44. Qe5+ f6 45. Qc7+ Kh6 46. Kg2 Rd2+ 47. Rf2 Rxf2+ 48. Kxf2 Qd4+ 49. Kg2 Qe3 50. Qxa5 Qe2+ 51. Kh3 Qxf3 52. Qd2+ Kh5 53. Kh2 c5 54. Qc2 b6 55. a5 bxa5 56. Qxc5+ Qf5 57. Qc4 Qe5 58. Qf7 Qe2+ 59. Kh3 Qf1+ 60. Kh2 Qf2+ 61. Kh3 Qf5+ 62. Kh2 a4 63. Qc4 Qg4 64. Qf7 Qe2+ 65. Kh3 Qf1+ 66. Kh2 h6 67. Qe7 f5 68. Qb4 Qe2+ 69. Kg1 Qg4 70. Qd6 f4 71. Qd5+ Qf5 72. Qf3+ 1/2-1/2

[Event "34th European Club Cup 2018"]
[Site "Halkidiki"]
[Date "2018.10.18"]
[Round "7"]
[White "Uruci, Endrit"]
[Black "Vedder, Richard"]
[Result "1/2-1/2"]
[WhiteElo "2177"]
[BlackElo "2288"]
[Annotator "TA"]
[PlyCount "69"]
[EventDate "2018.10.12"]
[EventType "team-tourn"]
[EventCountry "GRE"]
[SourceTitle "playchess.com"]
[Source "ChessBase"]
[SourceQuality "1"]
[WhiteTeam "Dardania"]
[BlackTeam "En Passant"]

1. d4 d5 2. Bf4 Nf6 3. Nf3 e6 4. e3 c5 5. c3 Nc6 6. Nbd2 Qb6 7. Qb3 c4 8. Qc2 Nh5 9. b3 Nxf4 10. exf4 cxb3 11. axb3 g6 12. h4 h5 13. Bd3 Bg7 14. Bxg6 fxg6 15. Qxg6+ Kf8 16. Ng5 Qc7 17. Nh7+ Rxh7 18. Qxh7 Qf7 19. Nf3 Ne7 20. Ng5 Qg6 21. Qxg6 Nxg6 22. g3 Bd7 23. Kd2 Ke7 24. Rhe1 Kd6 25. Nf7+ Ke7 26. Ng5 Kf6 27. Nh7+ Kf5 28. Ng5 a6 29. Re3 Rc8 30. f3 Rc6 31. Rg1 Kf6 32. Nh7+ Kf7 33. Ng5+ Kf6 34. Nh7+ Kf7 35. Ng5+ 1/2-1/2

[Event "34th European Club Cup 2018"]
[Site "Halkidiki"]
[Date "2018.10.18"]
[Round "7"]
[White "Van Dommelen, Martin"]
[Black "Grandell, Anders"]
[Result "0-1"]
[WhiteElo "2177"]
[BlackElo "2268"]
[Annotator "TA"]
[PlyCount "112"]
[EventDate "2018.10.12"]
[EventType "team-tourn"]
[EventCountry "GRE"]
[SourceTitle "playchess.com"]
[Source "ChessBase"]
[SourceQuality "1"]
[WhiteTeam "Apeldoorn"]
[BlackTeam "Team Viking"]

1. e4 c5 2. Nf3 Nc6 3. d4 cxd4 4. Nxd4 g6 5. c4 Nf6 6. Nc3 d6 7. f3 Nxd4 8. Qxd4 Bg7 9. Be3 O-O 10. Qd2 Be6 11. Rc1 Qa5 12. b3 Rfc8 13. Be2 a6 14. Na4 Qxd2+ 15. Kxd2 Nd7 16. g4 f5 17. gxf5 gxf5 18. Bd3 f4 19. Bf2 Be5 20. Rhg1+ Kf7 21. Be2 Rcb8 22. Nc3 Bxc3+ 23. Kxc3 Rg8 24. Bh4 h6 25. Bf2 Bh3 26. Rxg8 Rxg8 27. Rg1 Rg5 28. Kd2 Ne5 29. Rxg5 hxg5 30. Bd4 Nc6 31. Bc3 a5 32. Bd1 e5 33. Ke1 b6 34. a3 Kf6 35. b4 axb4 36. axb4 Nd4 37. Kf2 Be6 38. Bxd4 exd4 39. Be2 d3 40. Bxd3 Ke5 41. Kg2 Kd4 42. Be2 Ke3 43. Bf1 Bd7 44. c5 dxc5 45. bxc5 bxc5 46. Bc4 Kd4 47. Bf7 c4 48. Kf2 c3 49. Ke1 Ke3 50. Kd1 Ba4+ 51. Kc1 Kxf3 52. e5 Kg2 53. e6 Kxh2 54. Bh5 Kg2 55. Bd1 Be8 56. Kc2 f3 0-1

[Event "34th European Club Cup 2018"]
[Site "Halkidiki"]
[Date "2018.10.18"]
[Round "7"]
[White "Jakubiec, Edyta"]
[Black "Tardi, Oscar"]
[Result "1-0"]
[WhiteElo "2174"]
[BlackElo "1931"]
[Annotator "TA"]
[PlyCount "67"]
[EventDate "2018.10.12"]
[EventType "team-tourn"]
[EventCountry "GRE"]
[SourceTitle "playchess.com"]
[Source "ChessBase"]
[SourceQuality "1"]
[WhiteTeam "Wirtzfeld"]
[BlackTeam "Bois-Colombes"]

1. e4 g6 2. d4 Bg7 3. Nc3 c6 4. f4 d5 5. e5 h5 6. Nf3 Nh6 7. Be3 a5 8. Be2 Na6 9. Qd2 Bf5 10. h3 b5 11. O-O Nc7 12. a4 b4 13. Nd1 Rb8 14. Nf2 Na8 15. Nd3 Nb6 16. b3 Nd7 17. c3 Qb6 18. cxb4 Bxd3 19. Bxd3 Qxb4 20. Qxb4 Rxb4 21. Rab1 Rb7 22. Bd2 Ra7 23. Rfc1 Nb8 24. Rc5 e6 25. Rxa5 Rb7 26. b4 Bf8 27. Ra8 Kd7 28. a5 Nf5 29. a6 Rb6 30. a7 Na6 31. Rd8+ Kxd8 32. a8=Q+ Nb8 33. b5 c5 34. Ba5 1-0

[Event "34th European Club Cup 2018"]
[Site "Halkidiki"]
[Date "2018.10.18"]
[Round "7"]
[White "Otero Martinez, Daniel"]
[Black "Barrett, Conor"]
[Result "1-0"]
[WhiteElo "2167"]
[BlackElo "1643"]
[Annotator "TA"]
[PlyCount "61"]
[EventDate "2018.10.12"]
[EventType "team-tourn"]
[EventCountry "GRE"]
[SourceTitle "playchess.com"]
[Source "ChessBase"]
[SourceQuality "1"]
[WhiteTeam "Dublin"]
[BlackTeam "Ballinasloe"]

1. f4 d5 2. Nf3 Nc6 3. e3 a6 4. b3 Nf6 5. Bb2 e6 6. c4 Bd7 7. Be2 Bc5 8. O-O Qe7 9. d4 Ba7 10. Ba3 Qd8 11. Nc3 Ne7 12. Ne5 h6 13. g4 Nh7 14. Bxe7 Qxe7 15. cxd5 O-O-O 16. Rc1 Nf6 17. Bf3 exd5 18. Nxd5 Nxd5 19. Bxd5 Bb5 20. Qf3 Rxd5 21. Qxd5 Bxf1 22. Kxf1 f6 23. Nc4 Rd8 24. Qf3 Kb8 25. Kf2 Qb4 26. Rc2 b5 27. Nb2 Qa5 28. Nd3 Rd6 29. Qe4 Qb6 30. Qe8+ Kb7 31. Nc5+ 1-0

[Event "34th European Club Cup 2018"]
[Site "Halkidiki"]
[Date "2018.10.18"]
[Round "7"]
[White "Marinskii, Yurii"]
[Black "Polzin, Rainer"]
[Result "0-1"]
[WhiteElo "2166"]
[BlackElo "2397"]
[Annotator "TA"]
[PlyCount "84"]
[EventDate "2018.10.12"]
[EventType "team-tourn"]
[EventCountry "GRE"]
[SourceTitle "playchess.com"]
[Source "ChessBase"]
[SourceQuality "1"]
[WhiteTeam "Overtime"]
[BlackTeam "Berlin"]

1. e4 g6 2. d4 Bg7 3. Nc3 d6 4. Be3 a6 5. a4 Nf6 6. Be2 O-O 7. h4 h5 8. f3 Nc6 9. Nh3 e5 10. dxe5 Nxe5 11. Qd2 Bxh3 12. Rxh3 b5 13. Nd5 Nxd5 14. Qxd5 c6 15. Qd2 Qe7 16. Rd1 Rad8 17. Qb4 Qe6 18. axb5 axb5 19. Rh1 d5 20. Bb6 Ra8 21. Kf2 dxe4 22. Qxe4 Ra2 23. Rb1 Ng4+ 24. Kg3 Qd6+ 25. Kh3 Nf6 26. Qd3 Nd5 27. Be3 Qe6+ 28. g4 hxg4+ 29. fxg4 Re8 30. Bf3 Qxe3 31. Qxe3 Rxe3 32. Kg2 Bxb2 33. h5 Be5 34. Rbc1 Nf4+ 35. Kf2 Rc3 36. Be4 Nd3+ 37. Bxd3 Rxd3 38. h6 Rc3 39. h7+ Kh8 40. Rcd1 Raxc2+ 41. Kf1 Rc1 42. Ke2 Rxd1 0-1

[Event "34th European Club Cup 2018"]
[Site "Halkidiki"]
[Date "2018.10.18"]
[Round "7"]
[White "Rasmussen, Henning"]
[Black "Braun, Christian"]
[Result "0-1"]
[WhiteElo "2165"]
[BlackElo "2396"]
[Annotator "TA"]
[PlyCount "52"]
[EventDate "2018.10.12"]
[EventType "team-tourn"]
[EventCountry "GRE"]
[SourceTitle "playchess.com"]
[Source "ChessBase"]
[SourceQuality "1"]
[WhiteTeam "Jetsmark"]
[BlackTeam "Aachen"]

1. e4 e6 2. d4 d5 3. Nd2 Nc6 4. c3 Nf6 5. e5 Nd7 6. Bd3 Be7 7. h4 a5 8. g4 b6 9. Ndf3 f6 10. exf6 Nxf6 11. g5 Ne4 12. Qe2 O-O 13. Bxe4 dxe4 14. Qxe4 Qd5 15. Qxd5 exd5 16. Be3 a4 17. Ne5 Nxe5 18. dxe5 Bg4 19. f4 Ra5 20. h5 Bc5 21. Bd2 Rb5 22. Rh4 Bf5 23. O-O-O Ba3 24. Be1 Rxb2 25. Rd4 Rg2+ 26. Kd1 Bc2# 0-1

[Event "34th European Club Cup 2018"]
[Site "Halkidiki"]
[Date "2018.10.18"]
[Round "7"]
[White "Michalczak, Thomas"]
[Black "Varnam, Liam D"]
[Result "1/2-1/2"]
[WhiteElo "2160"]
[BlackElo "2089"]
[Annotator "TA"]
[PlyCount "141"]
[EventDate "2018.10.12"]
[EventType "team-tourn"]
[EventCountry "GRE"]
[SourceTitle "playchess.com"]
[Source "ChessBase"]
[SourceQuality "1"]
[WhiteTeam "Solingen"]
[BlackTeam "Grantham"]

1. e4 c5 2. Nf3 Nc6 3. d4 cxd4 4. Nxd4 Nf6 5. Nc3 e5 6. Ndb5 d6 7. Bg5 a6 8. Na3 b5 9. Nd5 Be7 10. Bxf6 Bxf6 11. c3 O-O 12. Nc2 Rb8 13. h4 Be7 14. a3 a5 15. Nce3 Be6 16. a4 b4 17. Bb5 Na7 18. cxb4 axb4 19. Qd3 Bxh4 20. Nf5 Bxf5 21. exf5 Bf6 22. Kf1 e4 23. Qe2 Rc8 24. Qxe4 Rc5 25. Qd3 Nc6 26. Bxc6 Rxc6 27. a5 Re8 28. g3 Rc5 29. a6 Qa8 30. Rd1 Re5 31. Nxf6+ gxf6 32. Rh4 Rcd5 33. Qb3 Qxa6+ 34. Kg1 Rxd1+ 35. Qxd1 Rxf5 36. Rxb4 Qa7 37. Rg4+ Rg5 38. Rd4 d5 39. Kh2 Qb6 40. b4 Rh5+ 41. Kg2 Re5 42. Qd3 f5 43. b5 Qb7 44. Kh2 Qb6 45. Kg2 Qb7 46. Kf1 Qa7 47. Qc3 Qb6 48. Qb2 f6 49. Kg2 Kg7 50. Kh3 Kg6 51. Kh2 Kg7 52. Kg1 Re1+ 53. Kg2 Re5 54. Kh3 Kg6 55. Kg2 Kg7 56. Rd1 d4 57. Rxd4 Qb7+ 58. f3 Rxb5 59. Qc3 Rb3 60. Rd7+ Qxd7 61. Qxb3 Qd2+ 62. Kh3 Qe1 63. Qb7+ Kg6 64. f4 Qf1+ 65. Kh2 h5 66. Qd5 Qe2+ 67. Kh3 Qg4+ 68. Kh2 h4 69. Qg8+ Kh6 70. Qh8+ Kg6 71. Qg8+ 1/2-1/2